[Event "Rated Blitz game"]
[Site "?"]
[Date "2021.03.17"]
[Round "?"]
[White "Alex7371"]
[Black "lavilaine"]
[Result "1-0"]
[WhiteElo "2413"]
[BlackElo "2345"]
[PlyCount "77"]
[EventDate "2021.??.??"]
[EventType "blitz"]

1. e4 e5 2. Nf3 d5 3. Nc3 d4 4. Nb1 Bd6 5. c4 c5 6. g3 Nc6 7. Bg2 Be6 8. d3 f6
9. O-O Qd7 10. Nh4 Bh3 11. Bxh3 Qxh3 12. Qf3 O-O-O 13. a3 g5 14. Qf5+ Qxf5 15.
Nxf5 Nge7 16. Nd2 Nxf5 17. exf5 h5 18. h3 g4 19. h4 Ne7 20. Ne4 Rhf8 21. b4
cxb4 22. c5 Bb8 23. axb4 Nxf5 24. b5 Ne7 25. Ba3 f5 26. Nd6+ Bxd6 27. cxd6 Nd5
28. d7+ Kxd7 29. Bxf8 Rxf8 30. Rxa7 Kc7 31. Re1 Kb6 32. Ra4 Kxb5 33. Rc4 Re8
34. Rb1+ Ka5 35. Rc5+ Ka4 36. Rxd5 b5 37. Rdxb5 e4 38. Rb7 exd3 39. Ra1# {
Normal} 1-0

[Event "Rated Blitz game"]
[Site "?"]
[Date "2021.03.17"]
[Round "?"]
[White "RomanovRG"]
[Black "Dzon_Vejn"]
[Result "1/2-1/2"]
[WhiteElo "2279"]
[BlackElo "2446"]
[PlyCount "57"]
[EventDate "2021.??.??"]
[EventType "blitz"]

1. e4 e5 2. Nf3 d5 3. exd5 e4 4. Qe2 Nf6 5. d3 Qxd5 6. Nbd2 Bf5 7. Nh4 Bg4 8.
f3 g5 9. fxg4 gxh4 10. Nxe4 Nxe4 11. Qxe4+ Qxe4+ 12. dxe4 Bg7 13. Be2 Nc6 14.
c3 O-O-O 15. O-O f6 16. Be3 Rhe8 17. Bf3 Rd3 18. Kf2 Ne5 19. Rfd1 Red8 20. Be2
Rxd1 21. Rxd1 Rxd1 22. Bxd1 Nd3+ 23. Kf3 Nxb2 24. Bb3 Nd3 25. Bd4 Ne1+ 26. Kf2
Nd3+ 27. Kf3 Ne1+ 28. Kf2 Nd3+ 29. Kf3 {Normal} 1/2-1/2

[Event "Rated Blitz game"]
[Site "?"]
[Date "2021.03.17"]
[Round "?"]
[White "FakeBruceLee"]
[Black "Fantastic_power06"]
[Result "0-1"]
[WhiteElo "2680"]
[BlackElo "2600"]
[PlyCount "86"]
[EventDate "2021.??.??"]
[EventType "blitz"]

1. e4 e5 2. Nf3 d5 3. exd5 e4 4. Qe2 Nf6 5. Nc3 Be7 6. Nxe4 O-O 7. Nxf6+ Bxf6
8. Qd1 Qxd5 9. Be2 c5 10. O-O Nc6 11. d3 Bg4 12. h3 Bh5 13. c3 Rfe8 14. Re1
Rad8 15. Be3 Bg6 16. Qa4 Bxd3 17. Bxd3 Qxd3 18. Bxc5 Rxe1+ 19. Rxe1 Qd5 20. Bd4
b5 21. Qb3 Qxb3 22. axb3 Bxd4 23. Nxd4 Nxd4 24. cxd4 Kf8 25. Rd1 Ke7 26. f3 Kd6
27. Kf2 Rc8 28. Rd2 Kd5 29. Ke3 Rc1 30. Kd3 a5 31. Re2 Rd1+ 32. Kc2 Rg1 33. Rd2
h5 34. Kd3 h4 35. Ke3 a4 36. b4 Rc1 37. Kd3 Rc4 38. Ke3 Rxb4 39. Rc2 Rb3+ 40.
Kd2 Kxd4 41. Kc1 a3 42. bxa3 Rxa3 43. Rc7 Rc3+ {Normal} 0-1

[Event "Rated Blitz game"]
[Site "?"]
[Date "2021.03.17"]
[Round "?"]
[White "Jenofon"]
[Black "Dzon_Vejn"]
[Result "0-1"]
[WhiteElo "2422"]
[BlackElo "2440"]
[PlyCount "52"]
[EventDate "2021.??.??"]
[EventType "blitz"]

1. e4 e5 2. Nf3 d5 3. exd5 e4 4. Qe2 Nf6 5. Nc3 Be7 6. Nxe4 O-O 7. d3 Re8 8.
Be3 Nxd5 9. O-O-O f5 10. Nc3 Nxc3 11. bxc3 Ba3+ 12. Kd2 f4 13. d4 fxe3+ 14.
fxe3 Qe7 15. Qd3 Nc6 16. h4 h6 17. Be2 Bd6 18. Rdf1 Bg3 19. Ng5 hxg5 20. hxg5
Qe4 21. Rf8+ Kxf8 22. Rh8+ Kf7 23. Bh5+ g6 24. Rh7+ Kg8 25. Qf1 Qxe3+ 26. Kd1
Qe1+ {Normal} 0-1

[Event "Rated Blitz game"]
[Site "?"]
[Date "2021.03.17"]
[Round "?"]
[White "Ahmed-abdelsattar"]
[Black "Lasker-on-speed"]
[Result "0-1"]
[WhiteElo "2456"]
[BlackElo "2258"]
[PlyCount "102"]
[EventDate "2021.??.??"]
[EventType "blitz"]

1. e4 e5 2. Nf3 d5 3. Nxe5 Bd6 4. d4 dxe4 5. Nc3 Bxe5 6. dxe5 Qxd1+ 7. Kxd1 Nc6
8. Bb5 Bd7 9. Bxc6 Bxc6 10. Be3 O-O-O+ 11. Ke2 Ne7 12. Bg5 Rd7 13. Rad1 Ng6 14.
Rxd7 Kxd7 15. Rd1+ Ke6 16. Ke3 Nxe5 17. Rd4 f5 18. h3 h6 19. Bf4 g5 20. Bxe5
Kxe5 21. Rd2 f4+ 22. Ke2 Re8 23. b4 a6 24. a4 b5 25. a5 e3 26. fxe3 Bxg2 27.
exf4+ Kxf4+ 28. Kf2 Bxh3 29. Nd5+ Kf5 30. Nxc7 Re4 31. c3 g4 32. Nxa6 h5 33.
Nc5 Rc4 34. Rd3 h4 35. a6 g3+ 36. Ke2 Rf4 37. Rf3 Bg4 38. a7 Bxf3+ 39. Ke3 Ba8
40. Nd3 Rf3+ 41. Ke2 g2 42. Ne1 g1=Q 43. Nxf3 Bxf3+ 44. Kxf3 Qh1+ 45. Ke3 Qb7
46. Kd4 Qxa7+ 47. Kd5 Qb7+ 48. Kc5 h3 49. c4 h2 50. cxb5 h1=Q 51. b6 Qhd5# {
Normal} 0-1

[Event "Rated Blitz game"]
[Site "?"]
[Date "2021.03.17"]
[Round "?"]
[White "stvngrnrt"]
[Black "Vihajaisestatulesta"]
[Result "1-0"]
[WhiteElo "2487"]
[BlackElo "2391"]
[PlyCount "67"]
[EventDate "2021.??.??"]
[EventType "blitz"]

1. e4 e5 2. Nf3 d5 3. Nxe5 dxe4 4. d4 Nf6 5. Bc4 Be6 6. Bxe6 fxe6 7. O-O Bd6 8.
Qe2 O-O 9. Nc3 c5 10. Nxe4 cxd4 11. Nxd6 Qxd6 12. Bf4 Nd5 13. Bg3 Nf4 14. Qe4
g5 15. Rfe1 Na6 16. Rad1 Rad8 17. Bxf4 Rxf4 18. Qxb7 Nc5 19. Qc6 Qf8 20. f3 Rc8
21. Qb5 a6 22. Qe2 Rf6 23. b4 Rh6 24. bxc5 Qf4 25. g3 Qf6 26. Ng4 Qg7 27. Nxh6+
Qxh6 28. Qxe6+ Qxe6 29. Rxe6 Rxc5 30. Rxa6 Rxc2 31. Rxd4 g4 32. Rd7 h5 33. Ra8+
Rc8 34. Rxc8# {Normal} 1-0

[Event "Rated Blitz game"]
[Site "?"]
[Date "2021.03.17"]
[Round "?"]
[White "ropega"]
[Black "pasha1984"]
[Result "1/2-1/2"]
[WhiteElo "2428"]
[BlackElo "2361"]
[PlyCount "110"]
[EventDate "2021.??.??"]
[EventType "blitz"]

1. e4 e5 2. Nf3 d5 3. exd5 e4 4. Ne5 Qxd5 5. d4 exd3 6. Nxd3 Bf5 7. Nc3 Qe6+ 8.
Be3 Nc6 9. Nf4 Qd6 10. Qxd6 Bxd6 11. O-O-O O-O-O 12. Nb5 Be5 13. Rxd8+ Kxd8 14.
Bc4 a6 15. Rd1+ Ke8 16. Nc3 Nf6 17. Ncd5 Nxd5 18. Nxd5 Ne7 19. Re1 Kd7 20. Nxe7
Kxe7 21. Bd4 f6 22. f4 Rd8 23. Bc3 b5 24. Bd3 Bxd3 25. cxd3 Rxd3 26. fxe5 fxe5
27. Kc2 Rd7 28. Bxe5 Kf7 29. b4 g5 30. h3 Kg6 31. Re3 h5 32. Rc3 Rd5 33. Bxc7
Rd4 34. a3 g4 35. hxg4 Rxg4 36. g3 Kf7 37. Rc6 Re4 38. Kd3 Re7 39. Bd6 Rd7 40.
Kc3 Ra7 41. Bc5 Ra8 42. Rc7+ Ke6 43. Rc6+ Kf5 44. Rh6 Kg4 45. Rg6+ Kf5 46. Rg7
a5 47. Kb3 axb4 48. axb4 Rd8 49. Kc3 Re8 50. Kd3 Rd8+ 51. Bd4 Rc8 52. Rf7+ Kg4
53. Rg7+ Kf5 54. Rh7 Kg4 55. Rg7+ Kf5 {Normal} 1/2-1/2

[Event "Rated Blitz game"]
[Site "?"]
[Date "2021.03.17"]
[Round "?"]
[White "rumiek"]
[Black "Schachelite"]
[Result "0-1"]
[WhiteElo "2394"]
[BlackElo "2420"]
[PlyCount "54"]
[EventDate "2021.??.??"]
[EventType "blitz"]

1. e4 e5 2. Nf3 d5 3. Nc3 d4 4. Ne2 Nc6 5. Ng3 Bd6 6. Bb5 Bd7 7. O-O a6 8. Ba4
b5 9. Bb3 Na5 10. d3 Nxb3 11. axb3 Ne7 12. Nh4 O-O 13. Ngf5 Nxf5 14. Nxf5 Bxf5
15. exf5 Qh4 16. Qf3 e4 17. g3 exf3 18. gxh4 Rfe8 19. f6 gxf6 20. Bh6 Kh8 21.
Rfe1 Rg8+ 22. Kh1 Rg2 23. Rxa6 Rag8 24. Rxd6 cxd6 25. Rf1 R8g4 26. Re1 Rxf2 27.
Re8+ Rg8 {Normal} 0-1

[Event "Rated Blitz game"]
[Site "?"]
[Date "2021.03.17"]
[Round "?"]
[White "IamBabyGroot"]
[Black "NooB_MasteR_69_chess"]
[Result "0-1"]
[WhiteElo "2502"]
[BlackElo "2582"]
[PlyCount "50"]
[EventDate "2021.??.??"]
[EventType "blitz"]

1. e4 e5 2. Nf3 d5 3. exd5 e4 4. Qe2 Nf6 5. Nc3 Be7 6. Nxe4 Nxd5 7. d4 O-O 8.
Be3 Re8 9. Qc4 Be6 10. Qa4 f5 11. Nc5 Bxc5 12. dxc5 f4 13. O-O-O fxe3 14. c4
Bd7 15. Qb3 Nf6 16. fxe3 Nc6 17. Bd3 Qe7 18. Rhe1 Qxc5 19. Kb1 Bf5 20. Bxf5
Qxf5+ 21. Ka1 a5 22. Nd4 Nxd4 23. exd4 b6 24. c5+ Qd5 25. Qg3 bxc5 {Normal} 0-1

[Event "Rated Blitz game"]
[Site "?"]
[Date "2021.03.17"]
[Round "?"]
[White "RomChartres"]
[Black "Erow"]
[Result "1-0"]
[WhiteElo "2554"]
[BlackElo "2684"]
[PlyCount "147"]
[EventDate "2021.??.??"]
[EventType "blitz"]

1. e4 e5 2. Nf3 d5 3. Nxe5 Bd6 4. d4 dxe4 5. Nc4 Nf6 6. Nc3 O-O 7. Bg5 Re8 8.
Be2 Nc6 9. Nd5 Be7 10. Nxe7+ Qxe7 11. c3 h6 12. Bh4 e3 13. Nxe3 Qe4 14. Bxf6
gxf6 15. Bf3 Qh4 16. O-O Ne7 17. g3 Qg5 18. h4 Qg7 19. Qd2 f5 20. Ng2 Ng6 21.
h5 Nf8 22. Nf4 Nh7 23. Rfe1 Bd7 24. Bxb7 Rab8 25. Bg2 Ng5 26. Rxe8+ Rxe8 27.
Re1 Ne4 28. Qd3 Nd6 29. Rxe8+ Bxe8 30. Qa6 Nb5 31. a4 Nd6 32. Qxa7 Ne4 33. Qxc7
Bxa4 34. Qe5 Qxe5 35. dxe5 Nd2 36. b4 Nc4 37. Bf1 Nxe5 38. b5 Kf8 39. b6 Nc6
40. Bg2 Nb8 41. Nd5 Bc6 42. Nb4 Bb5 43. Bd5 Ke7 44. c4 Ba4 45. c5 f6 46. c6 Kd8
47. c7+ Kc8 48. cxb8=Q+ Kxb8 49. b7 Bb5 50. Bc6 Bxc6 51. Nxc6+ Kxb7 52. Ne7 f4
53. Nf5 fxg3 54. fxg3 Kc6 55. Nxh6 Kd6 56. Nf5+ Ke6 57. g4 Kf7 58. Kg2 Kg8 59.
Kf3 Kh7 60. Kf4 Kg8 61. g5 Kf7 62. g6+ Kg8 63. h6 Kf8 64. g7+ Ke8 65. g8=Q+ Kd7
66. Qf7+ Kc6 67. Qxf6+ Kc5 68. Qe5+ Kc4 69. h7 Kd3 70. h8=Q Kd2 71. Qd8+ Kc2
72. Qec7+ Kb3 73. Qdb8+ Ka4 74. Qca7# {Normal} 1-0

[Event "Rated Blitz game"]
[Site "?"]
[Date "2021.03.17"]
[Round "?"]
[White "Bonus100"]
[Black "Blind2250"]
[Result "1-0"]
[WhiteElo "2342"]
[BlackElo "2406"]
[PlyCount "111"]
[EventDate "2021.??.??"]
[EventType "blitz"]

1. e4 e5 2. Nf3 d5 3. d4 dxe4 4. Nxe5 Bd6 5. Nc4 Nf6 6. Be2 O-O 7. O-O Re8 8.
Nxd6 Qxd6 9. h3 Nc6 10. c3 Bf5 11. Bg5 h6 12. Bh4 Nd5 13. Nd2 Bh7 14. Bg3 Qd7
15. Nc4 f6 16. Qb3 b6 17. Ne3 Nce7 18. Bxc7 Kh8 19. Bg3 Bg8 20. Bb5 Qd8 21. Qc2
Rf8 22. Qxe4 f5 23. Qf3 f4 24. Ng4 fxg3 25. Qxg3 Nf5 26. Qd3 Nd6 27. Ba4 Bh7
28. Qd1 Nf4 29. Ne5 Qg5 30. Qg4 Qxg4 31. hxg4 b5 32. Bb3 Rae8 33. Rfe1 g5 34.
g3 Nh3+ 35. Kg2 Nxf2 36. Re2 Nfe4 37. Rae1 Kg7 38. Bc2 Nf6 39. Bxh7 Nxh7 40.
Nc6 Rxe2+ 41. Rxe2 Re8 42. Rxe8 Nxe8 43. Nxa7 Nd6 44. Nxb5 Nf6 45. Nxd6 Nd5 46.
Nf5+ Kf6 47. Kf3 h5 48. Ne3 hxg4+ 49. Nxg4+ Kg6 50. Ne3 Nf6 51. Ng4 Nd5 52. Ne3
Nxc3 53. g4 Nxa2 54. d5 Nb4 55. d6 Nd5 56. Nf5 {Time forfeit} 1-0

[Event "Rated Blitz game"]
[Site "?"]
[Date "2021.03.16"]
[Round "?"]
[White "Pharaohs-Curse"]
[Black "Killerrhino"]
[Result "0-1"]
[WhiteElo "2406"]
[BlackElo "2377"]
[PlyCount "84"]
[EventDate "2021.??.??"]
[EventType "blitz"]

1. e4 e5 2. Nf3 d5 3. exd5 e4 4. Qe2 Nf6 5. Nc3 Bf5 6. d3 Bb4 7. Bd2 Bxc3 8.
Bxc3 O-O 9. Bxf6 exf3 10. Bxd8 fxe2 11. Bxc7 exf1=Q+ 12. Rxf1 Na6 13. Bg3 Rfe8+
14. Kd2 Rad8 15. c4 Nb4 16. Bc7 Rd7 17. Rfe1 Rc8 18. d6 Nxd3 19. Re7 Nxf2 20.
Rae1 f6 21. h3 Ne4+ 22. R1xe4 Bxe4 23. Rxd7 Bxg2 24. h4 Bc6 25. Re7 Kf8 26. c5
Re8 27. Rxe8+ Kxe8 28. Bb8 a6 29. b4 Kd7 30. Ke3 Ke6 31. Kd4 g5 32. hxg5 fxg5
33. a3 h5 34. Ke3 h4 35. Ba7 Kf5 36. Kf2 g4 37. Bb6 g3+ 38. Kg1 h3 39. d7 h2+
40. Kf1 h1=Q+ 41. Ke2 Bxd7 42. c6 Bxc6 {Normal} 0-1

[Event "Rated Blitz game"]
[Site "?"]
[Date "2021.03.16"]
[Round "?"]
[White "bingo95"]
[Black "borisov_maxim"]
[Result "0-1"]
[WhiteElo "2476"]
[BlackElo "2525"]
[PlyCount "82"]
[EventDate "2021.??.??"]
[EventType "blitz"]

1. e4 e5 2. Nf3 d5 3. d4 dxe4 4. Nxe5 Nf6 5. Bc4 Be6 6. Bxe6 fxe6 7. O-O Nbd7
8. Bf4 Bd6 9. Re1 O-O 10. Nd2 c5 11. c3 cxd4 12. cxd4 Nd5 13. Bg3 Bxe5 14. dxe5
e3 15. fxe3 Nc5 16. Nc4 Ne4 17. Qd4 Nxg3 18. hxg3 Qg5 19. e4 Ne7 20. Qe3 Qg4
21. Rad1 Rac8 22. b3 b5 23. Nd6 Rc2 24. Rd2 Rxd2 25. Qxd2 Qxg3 26. Nxb5 Qxe5
27. a4 a6 28. Nc3 Nc6 29. Rd1 Qc5+ 30. Kh2 Rf6 31. Ne2 Rh6+ 32. Kg3 Qh5 33. Nf4
Qh4+ 34. Kf3 Rf6 35. g3 Ne5+ 36. Kg2 Qg4 37. Qd8+ Rf8 38. Qd6 Qf3+ 39. Kh3 Ng4
40. Qxe6+ Kh8 41. Qxg4 Qh1+ {Time forfeit} 0-1

[Event "Rated Blitz game"]
[Site "?"]
[Date "2021.03.16"]
[Round "?"]
[White "behroozbagheri1359"]
[Black "zavareh1351109"]
[Result "1-0"]
[WhiteElo "2372"]
[BlackElo "2413"]
[PlyCount "83"]
[EventDate "2021.??.??"]
[EventType "blitz"]

1. e4 e5 2. Nf3 d5 3. exd5 Bd6 4. d3 f5 5. c4 Na6 6. Nc3 Nf6 7. Be2 O-O 8. O-O
Qe8 9. g3 e4 10. Nd4 Nc5 11. Re1 Ng4 12. Bxg4 fxg4 13. Nxe4 Qh5 14. Nxc5 Bxc5
15. Be3 Bd7 16. Nc2 Bxe3 17. Nxe3 Rae8 18. Ng2 Rxe1+ 19. Qxe1 Qf5 20. Ne3 Qf6
21. b3 h5 22. Rd1 Qd4 23. Nc2 Qf6 24. Qd2 h4 25. Ne3 h3 26. Qe2 Qe5 27. d4 Qe4
28. Qf1 Rf3 29. Rd3 a5 30. a3 b6 31. c5 a4 32. c6 Be8 33. b4 Bg6 34. Rd2 Rf8
35. Rd1 Re8 36. Re1 Qf3 37. Nc2 Be4 38. Rxe4 Rxe4 39. Ne3 Rxe3 40. fxe3 Qxe3+
41. Kh1 Qc1 42. Qxc1 {Time forfeit} 1-0

[Event "Rated Blitz game"]
[Site "?"]
[Date "2021.03.16"]
[Round "?"]
[White "sorriemerria"]
[Black "Dzon_Vejn"]
[Result "1-0"]
[WhiteElo "2383"]
[BlackElo "2428"]
[PlyCount "155"]
[EventDate "2021.??.??"]
[EventType "blitz"]

1. e4 e5 2. Nf3 d5 3. d4 dxe4 4. Nxe5 Bd6 5. Bc4 Bxe5 6. Qh5 Qf6 7. dxe5 Qg6 8.
Qxg6 hxg6 9. Nc3 Bf5 10. Nd5 Kd7 11. Bf4 c6 12. Nc3 b5 13. Bxf7 Ne7 14. O-O-O+
Kc8 15. Bg5 Rf8 16. Bb3 Re8 17. Bf7 Rf8 18. e6 Ng8 19. Rd6 a6 20. Rhd1 Ra7 21.
Rd8+ Rxd8 22. Rxd8+ Kb7 23. Rxg8 a5 24. Rxg7 Kb6 25. Be3+ c5 26. Rg8 Nc6 27.
Nd5+ Ka6 28. Bxc5 Rb7 29. Ra8+ Na7 30. e7 Bd7 31. e8=Q Bxe8 32. Bxe8 b4 33.
Rxa7+ Rxa7 34. Bxa7 Kxa7 35. Bxg6 e3 36. fxe3 Kb7 37. b3 Kc6 38. e4 Kc5 39. Kd2
Kd4 40. h3 Ke5 41. h4 Kd4 42. Bf5 Ke5 43. g3 Kd6 44. g4 Ke5 45. Nxb4 axb4 46.
c3 bxc3+ 47. Kxc3 Kf4 48. a4 Ke5 49. a5 Kd6 50. g5 Ke5 51. h5 Kf4 52. h6 Ke5
53. g6 Kd6 54. g7 Ke5 55. h7 Kf4 56. a6 Ke3 57. b4 Kf4 58. b5 Kg5 59. b6 Kf4
60. b7 Ke5 61. a7 Kf4 62. Kb4 Ke5 63. Kc5 Kf4 64. Kd6 Ke3 65. e5 Kd4 66. e6 Kc4
67. e7 Kb5 68. Bd7+ Ka6 69. Kc7 Ka5 70. a8=Q+ Kb4 71. b8=Q+ Kc3 72. Qb4+ Kxb4
73. Qa3+ Kxa3 74. g8=Q Kb4 75. Qb3+ Kxb3 76. h8=Q Kb4 77. Qh3 Kc4 78. Qh4+ {
Time forfeit} 1-0

[Event "Rated Blitz game"]
[Site "?"]
[Date "2021.03.16"]
[Round "?"]
[White "GhostHunter2003"]
[Black "NooB_MasteR_69_chess"]
[Result "1-0"]
[WhiteElo "2568"]
[BlackElo "2575"]
[PlyCount "103"]
[EventDate "2021.??.??"]
[EventType "blitz"]

1. e4 e5 2. Nf3 d5 3. Nxe5 Bd6 4. d4 dxe4 5. Nc3 Bxe5 6. dxe5 Qxd1+ 7. Kxd1 Bf5
8. Bf4 Nc6 9. Bb5 O-O-O+ 10. Ke2 Nd4+ 11. Kf1 Nxc2 12. Rc1 Nd4 13. Bc4 Ne6 14.
Bxe6+ fxe6 15. Nb5 Rd7 16. Nxa7+ Kb8 17. Nb5 e3 18. Nc3 exf2 19. Kxf2 Ne7 20.
Rhd1 Rxd1 21. Rxd1 Rf8 22. Rd7 Nc6 23. Rxg7 Bg6 24. Ke3 Rd8 25. g4 Rd3+ 26. Kf2
Nd4 27. Be3 b6 28. h4 Nc2 29. Bg5 Nd4 30. h5 Rf3+ 31. Kg2 Bd3 32. Bd8 Ba6 33.
Bxc7+ Ka8 34. Bxb6 Kb8 35. Bxd4 Bb7 36. Ba7+ Kxa7 37. Rxb7+ Kxb7 38. Kxf3 Kc6
39. g5 h6 40. g6 Kc7 41. g7 Kc6 42. g8=Q Kc5 43. Qg6 Kd4 44. Qxh6 Kc4 45. Qg6
Kd4 46. h6 Kc4 47. h7 Kd4 48. h8=Q Kc5 49. Qhe8 Kb4 50. Qexe6 Kc5 51. Qd6+ Kc4
52. Qe4# {Normal} 1-0

[Event "Rated Blitz game"]
[Site "?"]
[Date "2021.03.16"]
[Round "?"]
[White "novik70"]
[Black "spivaksa"]
[Result "1-0"]
[WhiteElo "2405"]
[BlackElo "2383"]
[PlyCount "91"]
[EventDate "2021.??.??"]
[EventType "blitz"]

1. e4 e5 2. Nf3 d5 3. d4 dxe4 4. Nxe5 Nd7 5. Qe2 Nxe5 6. Qxe4 Nf6 7. Qxe5+ Be7
8. Be2 O-O 9. O-O Bd6 10. Qg5 Re8 11. Bd3 h6 12. Qh4 Be6 13. Nc3 Be7 14. Qg3
Qxd4 15. Bxh6 Nh5 16. Qe3 Bf6 17. Qxd4 Bxd4 18. Bd2 Rad8 19. Rae1 c6 20. b3 Nf4
21. Bxf4 Bxc3 22. Rd1 g6 23. h3 Kg7 24. Bd2 Bxd2 25. Rxd2 Bf5 26. Rfd1 Bxd3 27.
Rxd3 Rxd3 28. Rxd3 Re2 29. Rc3 Re1+ 30. Kh2 Kf6 31. Kg3 Ra1 32. a4 Ke5 33. h4
Rc1 34. Kg4 Kd5 35. Kg5 Rg1 36. g4 f5 37. f3 fxg4 38. fxg4 Rg2 39. Rc4 b5 40.
Rf4 Rxc2 41. Kxg6 Rc3 42. h5 Rxb3 43. h6 Rh3 44. h7 a5 45. axb5 cxb5 46. Rf5+ {
Normal} 1-0

[Event "Rated Blitz game"]
[Site "?"]
[Date "2021.03.16"]
[Round "?"]
[White "skipper-pingui3"]
[Black "annaly1979"]
[Result "1-0"]
[WhiteElo "2431"]
[BlackElo "2359"]
[PlyCount "57"]
[EventDate "2021.??.??"]
[EventType "blitz"]

1. e4 e5 2. Nf3 d5 3. Nxe5 Qe7 4. d4 f6 5. Nf3 dxe4 6. Ng1 f5 7. Nc3 Nf6 8. Bf4
Nc6 9. Bc4 a6 10. Bb3 Qb4 11. Nge2 Bd6 12. Bg5 Bd7 13. a3 Qa5 14. O-O O-O-O 15.
Bd2 f4 16. Nxe4 Qh5 17. Nxd6+ cxd6 18. Nxf4 Qh4 19. g3 Qg5 20. Ne6 Qg6 21. Nxd8
Rxd8 22. Bf4 Bh3 23. Re1 Bg4 24. Qd3 Qh5 25. c3 Bf5 26. Qxf5+ Qxf5 27. Be6+
Qxe6 28. Rxe6 Kd7 29. Rae1 {Normal} 1-0

[Event "Rated Blitz game"]
[Site "?"]
[Date "2021.03.16"]
[Round "?"]
[White "Parogu"]
[Black "DarthZannah"]
[Result "1-0"]
[WhiteElo "2278"]
[BlackElo "2565"]
[PlyCount "109"]
[EventDate "2021.??.??"]
[EventType "blitz"]

1. e4 e5 2. Nf3 d5 3. Nxe5 dxe4 4. d4 Nd7 5. Bf4 Ngf6 6. Bc4 Nxe5 7. Bxe5 Be7
8. O-O O-O 9. c3 Kh8 10. Nd2 Bf5 11. Qe2 Bd6 12. Bxf6 Qxf6 13. Nxe4 Bxh2+ 14.
Kxh2 Qh4+ 15. Kg1 Bxe4 16. f3 Bc6 17. Qf2 Qf6 18. Qg3 Rac8 19. Rae1 Rfe8 20.
Rxe8+ Bxe8 21. Re1 g6 22. Kf2 Kg7 23. Qe5 Qxe5 24. Rxe5 Kf6 25. g4 h6 26. f4
Kg7 27. g5 hxg5 28. fxg5 Kf8 29. Kg3 Bd7 30. Kf4 Re8 31. b3 Rxe5 32. Kxe5 Ke7
33. Bd3 Bg4 34. Be4 Bc8 35. c4 b6 36. Bc6 a5 37. a3 Bf5 38. b4 axb4 39. axb4
Bd3 40. c5 bxc5 41. dxc5 Bf5 42. b5 Bd3 43. b6 cxb6 44. cxb6 Kd8 45. Kd6 Kc8
46. Ke7 Bc4 47. Be8 Kb7 48. Bxf7 Bd3 49. Kf6 Kxb6 50. Bxg6 Bc4 51. Bf5 Kc7 52.
Be6 Bd3 53. Bf5 Bc4 54. Ke7 Bb3 55. g6 {Time forfeit} 1-0

[Event "Rated Blitz game"]
[Site "?"]
[Date "2021.03.16"]
[Round "?"]
[White "lederman"]
[Black "DarthZannah"]
[Result "0-1"]
[WhiteElo "2441"]
[BlackElo "2551"]
[PlyCount "35"]
[EventDate "2021.??.??"]
[EventType "blitz"]

1. e4 e5 2. Nf3 d5 3. Nxe5 dxe4 4. d4 Nd7 5. Nxf7 Kxf7 6. Bc4+ Ke8 7. Bxg8 Rxg8
8. Qh5+ g6 9. Qxh7 Nf6 10. Qh4 Bf5 11. O-O Be7 12. Qg3 Qd7 13. Nc3 Kf7 14. Bg5
Rh8 15. Rad1 Bd6 16. Bf4 Nh5 17. Bxd6 Nxg3 18. Bxg3 {Normal} 0-1

[Event "Rated Blitz game"]
[Site "?"]
[Date "2021.03.16"]
[Round "?"]
[White "persian_golff"]
[Black "zavareh1351109"]
[Result "1-0"]
[WhiteElo "2513"]
[BlackElo "2393"]
[PlyCount "41"]
[EventDate "2021.??.??"]
[EventType "blitz"]

1. e4 e5 2. Nf3 d5 3. Nc3 d4 4. Ne2 Bd6 5. Ng3 c5 6. Bb5+ Nc6 7. Bxc6+ bxc6 8.
d3 Be6 9. b3 Ne7 10. O-O O-O 11. Nh4 f5 12. exf5 Nxf5 13. Nhxf5 Bxf5 14. Nxf5
Rxf5 15. Qe2 Qf6 16. Bd2 Rf8 17. Rae1 h6 18. f3 Qg6 19. Kh1 Rh5 20. Qe4 Be7 21.
Qxg6 {Normal} 1-0

[Event "Rated Blitz game"]
[Site "?"]
[Date "2021.03.16"]
[Round "?"]
[White "HooCee"]
[Black "zvjaginsevfan"]
[Result "0-1"]
[WhiteElo "2547"]
[BlackElo "2536"]
[PlyCount "100"]
[EventDate "2021.??.??"]
[EventType "blitz"]

1. e4 e5 2. Nf3 d5 3. Nxe5 Bd6 4. d4 dxe4 5. Nc3 Nf6 6. Bg5 O-O 7. Bc4 Bf5 8.
O-O Nc6 9. Nxc6 bxc6 10. h3 h6 11. Be3 Rb8 12. Bb3 Qd7 13. Ne2 Bxh3 14. gxh3
Qxh3 15. Nf4 Qh4 16. Qd2 Ng4 17. Rfe1 Qh2+ 18. Kf1 Qh1+ 19. Ke2 Qf3+ 20. Kf1
Nxe3+ 21. Qxe3 Bxf4 22. Qxf3 exf3 23. Re7 g5 24. Rae1 Kg7 25. Rd7 Bd6 26. c4
Rbd8 27. Rxd8 Rxd8 28. c5 Bf8 29. Rd1 f5 30. Bc2 Kf6 31. Rd3 g4 32. Kg1 h5 33.
b4 h4 34. a4 Re8 35. Rd1 f4 36. d5 cxd5 37. Rxd5 Re1+ 38. Kh2 g3+ 39. Kh3 Rh1+
40. Kg4 g2 41. Rf5+ Ke6 42. Bb3+ Ke7 43. Rf7+ Ke8 44. Kf5 g1=Q 45. Bd5 Qb1+ 46.
Ke6 Re1+ 47. Kf6 Be7+ 48. Kg7 Rg1+ 49. Kh8 Qg6 50. Rh7 Bf6+ {Normal} 0-1

[Event "Rated Blitz game"]
[Site "?"]
[Date "2021.03.16"]
[Round "?"]
[White "riserman"]
[Black "annaly1979"]
[Result "0-1"]
[WhiteElo "2430"]
[BlackElo "2351"]
[PlyCount "68"]
[EventDate "2021.??.??"]
[EventType "blitz"]

1. e4 e5 2. Nf3 d5 3. exd5 e4 4. Qe2 f5 5. d3 Nf6 6. Nc3 Bb4 7. dxe4 Bxc3+ 8.
bxc3 fxe4 9. Ng5 O-O 10. c4 c6 11. Qd1 h6 12. Nh3 Bxh3 13. gxh3 Re8 14. Rg1 Kh8
15. Qd4 Nbd7 16. Bb2 c5 17. Qe3 Ne5 18. O-O-O Qd6 19. Rg6 Nxg6 20. Be2 Qf4 21.
Rg1 Qxe3+ 22. fxe3 Ne5 23. h4 Rad8 24. a4 b6 25. Bc3 a5 26. Rg3 h5 27. Rg5 Neg4
28. Kd2 Nxh2 29. Bxh5 Nf3+ 30. Bxf3 exf3 31. Rf5 Ne4+ 32. Kd3 Nxc3 33. Kxc3 Rf8
34. Rxf8+ Rxf8 {Normal} 0-1

[Event "Rated Blitz game"]
[Site "?"]
[Date "2021.03.16"]
[Round "?"]
[White "KevinPaveto"]
[Black "Erow"]
[Result "0-1"]
[WhiteElo "2638"]
[BlackElo "2683"]
[PlyCount "68"]
[EventDate "2021.??.??"]
[EventType "blitz"]

1. e4 e5 2. Nf3 d5 3. Nxe5 Bd6 4. d4 dxe4 5. Nc3 Nf6 6. Bf4 O-O 7. Be2 Nc6 8.
Nxc6 bxc6 9. Bg3 e3 10. fxe3 Bxg3+ 11. hxg3 Qd6 12. Kf2 Rb8 13. b3 Qb4 14. Na4
Ne4+ 15. Kg1 Nxg3 16. Rh2 Qd6 17. Bd3 h6 18. Qf3 f5 19. Nc5 f4 20. Re1 fxe3 21.
Qxe3 Bf5 22. Rh4 Rbe8 23. Qxe8 Rxe8 24. Rxe8+ Kf7 25. Re1 g5 26. Bc4+ Kg7 27.
Nb7 Qb4 28. c3 Qxb7 29. Re7+ Kg6 30. Rh2 Qc8 31. Kf2 Ne4+ 32. Ke3 Nd6 33. Be2
Qd8 34. Bh5+ Kf6 {Normal} 0-1

[Event "Rated Blitz game"]
[Site "?"]
[Date "2021.03.16"]
[Round "?"]
[White "sstrb"]
[Black "NooB_MasteR_69_chess"]
[Result "0-1"]
[WhiteElo "2510"]
[BlackElo "2547"]
[PlyCount "80"]
[EventDate "2021.??.??"]
[EventType "blitz"]

1. e4 e5 2. Nf3 d5 3. Nxe5 Bd6 4. d4 dxe4 5. Nc4 Nc6 6. Nxd6+ Qxd6 7. Be3 Nf6
8. h3 Nd5 9. Bc1 e3 10. c4 exf2+ 11. Kxf2 Nf6 12. Qe2+ Ne7 13. Be3 O-O 14. Nc3
Nf5 15. Qd2 Re8 16. Re1 c6 17. Bf4 Qxd4+ 18. Qxd4 Nxd4 19. Rxe8+ Nxe8 20. Bd3
Bf5 21. Bxf5 Nxf5 22. g4 Nd4 23. Ne4 Ne6 24. Be5 Rd8 25. Ke2 f6 26. Bc3 Nf4+
27. Kf3 Ng6 28. h4 Rd3+ 29. Kf2 Nd6 30. Nxd6 Rxd6 31. g5 Ne5 32. Bxe5 fxe5 33.
Re1 Rd2+ 34. Re2 Rxe2+ 35. Kxe2 Kf7 36. Ke3 Ke6 37. Ke4 g6 38. c5 b6 39. b4 b5
40. a4 bxa4 {Normal} 0-1

[Event "Rated Blitz game"]
[Site "?"]
[Date "2021.03.16"]
[Round "?"]
[White "YEIKOCASTELLA"]
[Black "FTR_BBC"]
[Result "1-0"]
[WhiteElo "2431"]
[BlackElo "2416"]
[PlyCount "31"]
[EventDate "2021.??.??"]
[EventType "blitz"]

1. e4 e5 2. Nf3 d5 3. Nxe5 Bd6 4. d4 dxe4 5. Nc3 Bxe5 6. dxe5 Qxd1+ 7. Kxd1 Nc6
8. Bb5 Bg4+ 9. Ke1 Nge7 10. Nxe4 O-O-O 11. Bg5 f6 12. exf6 gxf6 13. Bxf6 Rd6
14. Nxd6+ cxd6 15. Bxh8 Nd5 16. Bxc6 {Normal} 1-0